00473pab a2200157 454500008004000000100002400040245002900064260000900093300001000102362000900112650001800121773004600139909001000185999001700195952010300212180718b1985 xxu||||| |||| 00| 0 eng d aBovbjerg, Radall R. aWhat is policy analysis? c1985 a154-8 aFall aPublic Policy aJournal Of Policy Analysis and Management a16665 c16665d16665 00104070aIIPAbIIPAd2018-07-19hVolume no: 5, Issue no: 1pAR16725r2018-07-19w2018-07-19yAR